Subdivision capitals closest to Sombor (RS) - Statistics

General Stats
  • This quiz has been taken 10 times
  • The average score is 7 of 20
Answer Stats
Distance (km) Answer % Correct
20 150 Beograd
100%
6 81 Novi Sad
100%
10 105 Kikinda
50%
3 56 Subotica
50%
11 108 Zrenjanin
50%
15 122 Brčko
25%
13 121 Kaposvár
25%
17 134 Kecskemét
25%
7 88 Orašje
25%
1 41 Osijek
25%
5 76 Pécs
25%
16 122 Požega
25%
14 122 Šabac
25%
12 110 Slavonski Brod
25%
9 97 Sremska Mitrovica
25%
8 96 Szeged
25%
4 72 Szekszárd
25%
19 141 Tuzla
25%
18 134 Virovitica
25%
2 47 Vukovar
25%
No matching quizzes found
Score Distribution
Percent of People with Each Score
Percentile by Number Answered
Your Score History
You have not taken this quiz